[Event "Candidates Tournament"]
[Site "Berlin"]
[Date "2018.03.10"]
[Round "1"]
[White "Kramnik, Vladimir"]
[Black "Grischuk, Alexander"]
[Result "1-0"]
[WhiteElo "2800"]
[BlackElo "2767"]
[Annotator "Sagar Shah"]
[PlyCount "95"]
[EventDate "2018.03.10"]
[EventType "tourn"]
[EventRounds "14"]
[EventCountry "GER"]
[EventCategory "22"]
[SourceTitle "CBM 184"]
[Source "ChessBase"]
[SourceDate "2018.05.16"]
[SourceVersion "1"]
[SourceVersionDate "2018.05.16"]
[SourceQuality "1"]

{The Candidates 2018 was the most anticipated event of the year. Before the
tournament began, all of us got to know a big secret - Anish Giri was working
with Vladimir Kramnik as his second! The combination seemed deadly and we were
all looking forward to some highly theoretical play by Kramnik aided by Giri.
But it turns out the big Vlad had some other ideas.} 1. d4 Nf6 2. Nf3 g6 {
In the Live Database you find that this move comes at the ninth position in
terms of popularity! Kramnik just wanted a fresh position without too much
theory!} 3. b3 $5 c5 (3... Bg7 4. Bb2 O-O 5. g3 {is quite a normal way to play.
} (5. e3 $5 {is also possible.})) 4. dxc5 {Kramnik doesn't really care about
his centre.} Qa5+ 5. Nbd2 Qxc5 6. Bb2 {One grandmaster encounter which reached
this very position was Boris Grachev against Boris Chaltalbashev in July 2017.}
Bg7 7. e3 {White has the simple plan of placing his bishop on e2, 0-0 and then
c4. One might argue that the knight on d2 is misplaced in such a structure,
but that is the price you have to pay in order to get an original position.} (
7. g3 {might be more ambitious, but simply fails to} Ng4 $1 $19) 7... O-O 8. c4
b6 (8... d5 9. a3 dxc4 10. Bxc4 {The queen on c5 is a tad uncomfortable here.})
9. Be2 Bb7 10. O-O Qc7 11. Rc1 d6 {We have transposed into a normal looking
position. I really like Kramnik's next move.} 12. Nb1 $1 {The knight was
misplaced on d2. On c3 it would be perfectly placed eyeing not only the d5
square, but also the one on b5.But can such an undeveloping move be any good.
As you can see, Black also spent nearly three tempi to get his queen from
d8-a5-c5-c7.} Nbd7 13. Nc3 Rac8 14. Rc2 {Another typical manoeuvre. White
would like to place his queen on a1 and connect the rooks. With the queen on
a1, moves like Nd5 gain in power.} (14. Nd5 {looks like a normal move, but
fails to} Bxd5 $1 15. cxd5 Qb7 {It's not so easy to defend the d5-pawn.} 16.
Bb5 Nb8 $1 (16... Nc5 17. b4 $16) 17. Bxf6 Bxf6 18. e4 a6 19. Bd3 Rxc1 20. Qxc1
Rc8 $15) 14... Qb8 15. Qa1 a6 16. Rd2 Rfe8 17. Rfd1 {White's position looks
more harmonious to my eyes, but perhaps it is just a subjective opinion. Black
has a perfectly fine Hedgehog and should not be worse. The tough part for both
the sides is to pick a plan in the position. Black's idea looks easier to find
with ...b5. What should White really be doing here? Nd5? Well, Kramnik shows
the way.} Ba8 {Grischuk is getting ready for ...b5.} (17... Bc6 $5 18. Ng5 (18.
Nd5 b5 $13) 18... b5 $11) 18. Ng5 $5 {An amazing concept by Kramnik. First he
improved the position of his knight from d2 by bringing it to b1-c3. And now
he moves his f3 knight to g5. His plan is to bring it to h3 and then to f4.
Can White have so much time in the position to execute his plan? As it turns
out Kramnik's knight moves did confuse Grischuk in a big way.} (18. Nd5 b5 $5 (
18... Bxd5 19. cxd5 b5 $13) 19. cxb5 Bxd5 20. Rxd5 Nxd5 21. Bxg7 e6 $15 {
It seems as if White should have compensation here, but nothing more than
equality.}) 18... Rc5 (18... b5 $5 19. cxb5 axb5 20. Nxb5 (20. Bxb5 Rc5 $1 21.
Bxd7 Rxg5 22. f4 Rxg2+ 23. Rxg2 Nxd7 $1 $17 (23... Bxg2 24. Bxe8 Ba8 25. Ba4
Qb7 $40)) 20... Rc5 $1 $17 {[%cal Gc5b5,Gc5g5]}) 19. Nh3 b5 $1 {Grischuk gets
his break in.} 20. Nf4 bxc4 21. Bxc4 {Look at White's control over the
d5-square!} Rg5 $6 {Grischuk gets too ambitious.} (21... Ne5 $1 {was much
better.} 22. Be2 (22. Bxa6 Bxg2 $1 $17) (22. Bf1 Qb7 {The idea is to give ...
Nf3+.} 23. Nfd5 (23. Ncd5 Ne4 24. Rd4 Nxf2 25. Kxf2 e6 $15 {with some insane
complications.}) 23... e6 $1 24. Nxf6+ Bxf6 25. e4 (25. Rxd6 Nf3+ $19) 25...
Rxc3 26. Bxc3 Qxe4 $36) 22... a5 23. Ncd5 Bxd5 24. Nxd5 Nxd5 25. Rxd5 Rc2 26.
R5d2 Nf3+ 27. Bxf3 Bxb2 28. Qb1 Rxd2 29. Rxd2 Bf6 $11) 22. Ncd5 {The triumph
of White's strategy. He controls the d5-square four times!} Ne5 (22... Nxd5 23.
Bxd5 (23. Bxg7 Nxf4 $19) 23... Bxb2 (23... Bxd5 24. Bxg7 $16) 24. Qxb2 Nf6 25.
Bxa8 Qxa8 {This position should be roughly around even, although I have a
feeling that White can still try.} 26. Rxd6 $5 exd6 27. Qxf6 $44) 23. Be2 Ne4
$6 {This move makes the position further complicated with all the knights
facing off against each other in centre, but these complications are in
White's favour. On the other hand, it is not so easy to suggest an alternative
for Black in this position.} (23... Qc8 {Trying to get the queen into the kill
zone doesn't work.} 24. h4 Rf5 25. Rc1 $16) (23... Nxd5 24. Nxd5 e6 25. f4 $1
$16 {Perhaps this is what Grischuk had missed.} (25. Nf4 $6 Nf3+ 26. Bxf3 Bxb2
27. Qxb2 Bxf3 $17)) 24. Rd4 Nc5 (24... Nf6 25. Nxf6+ Bxf6 26. Nd5 Nd7 (26...
Bxd5 27. Rxd5 $16) 27. Nxf6+ Nxf6 28. f3 $16) 25. h4 $1 {The rook which had
gone to g5 to attack White's kingside, is now almost trapped.} Rf5 26. e4 (26.
g4 {is also possible. But with a bishop on a8, you are not always comfortable
making this move.} Rxf4 27. exf4 $16) 26... Rxf4 27. Nxf4 Nxe4 {Initially it
all seems very complicated. The knights in the centre are very strong. The
bishops on the long diagonal seem threatening. But Kramnik has the material.
And the trick in such postions is to slow down and think about the various
possibilities carefully. If you do that, you can see that Black's initiative
can be slowly but surely extinguished without you getting burnt.} 28. Nd5 $1 {
The knight on e4 is hanging.} Nc5 29. Rb4 Qa7 30. Ne3 a5 31. Rb5 Ne6 32. Rxe5
$1 {Kramnik doesn't have to be asked twice! If he can give back material to
gain a long term positional advantage, he will do it without blinking.} (32.
Bc3 $16 {also seems fine.}) 32... dxe5 33. Bxe5 Qc5 34. Bxg7 Nxg7 {So what do
we have here? The material is even, but White has co-ordinated his forces much
better. He has the extra outside passer and all of his pieces are well placed.
Kramnik converts this position well.} 35. Qd4 (35. Qc1 $14 {also seemed like a
nice move.}) 35... Qxd4 36. Rxd4 Bc6 37. Rd2 Rb8 38. Rc2 Be8 39. Rc7 Kf8 40.
Ra7 {Black's pieces really do not know what they are doing here!} a4 41. bxa4 {
A pawn is a pawn!} Rb1+ 42. Kh2 Rb4 (42... Rb2 43. Bc4 Rxf2 44. a5 $16 Nf5 45.
Nxf5 Rxf5 46. a6 Ra5 47. Rc7 $18) 43. a5 Rxh4+ 44. Kg1 Ra4 45. Bc4 Bc6 (45...
Nf5 46. Bb3 Rd4 47. Nxf5 $18) 46. Rc7 Be8 47. a6 Nh5 48. Nd5 {A high class,
top level struggle where the weight was put more on the middlegame than on the
opening. We can say that Kramnik's play was highly imaginative and his
handling of the knights was excellent. The same cannot be sai about Grischuk
though. When he played ambitiously, taking the rook to g5, it got trapped on
the side of the board.} 1-0

[Event "Candidates Tournament"]
[Site "Berlin"]
[Date "2018.03.27"]
[Round "14"]
[White "Kramnik, Vladimir"]
[Black "Mamedyarov, Shakhriyar"]
[Result "1/2-1/2"]
[WhiteElo "2800"]
[BlackElo "2809"]
[Annotator "Sadorra,J"]
[PlyCount "108"]
[EventDate "2018.03.10"]
[EventType "tourn"]
[EventRounds "14"]
[EventCountry "GER"]
[EventCategory "22"]
[SourceTitle "CBM 184"]
[Source "ChessBase"]
[SourceDate "2018.05.16"]
[SourceVersion "1"]
[SourceVersionDate "2018.05.16"]
[SourceQuality "1"]

1. d4 Nf6 2. Nf3 e6 3. c4 d5 4. g3 Be7 5. Bg2 O-O 6. O-O dxc4 7. Ne5 {Kramnik
uses a line that became popular at the top level several years back,
especially after he used it in the 2013 Candidates.} Qd6 $5 {A rare but
playable move. In fact, it has already been played a few times in tournament
practice in 2017 with decent results for Black.} 8. Na3 {Kramnik thought for
about 8 minutes here which means that he had never studied it deeply before or
he was recalling his prep.} Rd8 9. Naxc4 Qa6 (9... Qxd4 $2 {is too risky as
the queen gets too exposed after} 10. Qb3 {[%cal Rc1e3]} Qc5 (10... c6 11. Be3
$18) 11. Bxb7 Bxb7 12. Qxb7 Nbd7 13. Be3 $16) 10. Qc2 $5 $146 {A novelty,
either produced during the game or at home!} ({Another queen move was tried
years back by another player in the Candidates-Wesley So:} 10. Qb3 Rxd4 11. Bf4
(11. a4 Nbd7 12. Be3 Nxe5 13. Nxe5 Rd8 14. Qb5 {with compensation but nothing
more.}) 11... Rd8 (11... Nbd7 12. Rac1 c6 $44 {1/2-1/2 (67) So,W (2674)
-Ljubojevic,L (2572) Amsterdam 2010}) 12. Rfd1 Nd5 $11) 10... Rxd4 11. Bg5 ({
The main point of the novelty would have been revealed if White had followed
up with} 11. a4 $1 Nbd7 $2 (11... Rd8 12. Bg5 Nbd7 13. Rfd1 Nxe5 14. Rxd8+ Bxd8
15. Nxe5 $14 {White has more than enough compensation simply because he has a
better version of what happened in the game.}) 12. Be3 Nxe5 13. Nxe5 {[%csl
Rc7,Rd4][%cal Rc2c7] now White has a double attack.} Rd8 (13... Rb4 14. Qxc7
$16 (14. Rfc1 $5)) 14. Qxc7 Qd6 15. Qxd6 Bxd6 16. Rfd1 $14) 11... Nbd7 12. Rfd1
Rxd1+ 13. Rxd1 Nxe5 14. Nxe5 Qa5 $1 {Mamedyarov defends actively and
accurately, not giving Kramnik a chance to obtain an intiative.} (14... c6 $2
15. Be4 $1 $40 h6 16. Bxf6 Bxf6 17. Bh7+ Kf8 18. Qc5+ Ke8 19. Ng6 $1 {with
mate to follow next move.}) (14... Qb6 $2 15. Ng4 $1 $36 {[%csl Re7,Rf6]}) 15.
Bf4 Nd5 16. Be4 (16. Bd2 Qc5 $11) 16... g6 (16... h6 $6 {doesn't look right as
it allows ideas connected with check on h7 followed by a sac on f7 in the
future.}) 17. Bh6 Qc5 18. Qd2 Qb4 19. Qc2 Qc5 {Mamedyarov silently offers a
draw.} 20. Qd3 {True to style in this event, Kramnik keeps the game going and
tries to fight for more!} Qd6 21. Nc4 Qc5 $1 {Accurate again! On c5, the queen
avoids being pinned and keeps watch over the central squares especially d4.} (
21... Qd8 $2 22. Bf3 $1 {[%csl Rd5,Rd8][%cal Ge2e4]} Qe8 23. e4 Nf6 24. Qc3 $1
$40 {[%csl Rc7,Rg7,Rg8]}) 22. Qf3 $5 {White tries to slow down Black's
completion of development by making use of nice tactics.} c6 {Safe and solid.}
({Black could also consider a dynamic solution, but that requires taking
positional risks after:} 22... Nf6 $5 23. Bxb7 Rb8 $1 (23... Bxb7 24. Qxb7 Re8
25. Rc1 (25. b3 Qh5) 25... Qh5 26. Be3 Qxe2 27. Qxc7 $11) 24. Bxc8 Qxc4 25. Bb7
(25. b3 $2 Qb5) 25... Qxa2 {and it is now White who has to play more
accurately.}) ({In the press conference, Kramnik gleefully shared his plan
after} 22... Qxc4 $6 23. Rxd5 c6 $1 (23... f5 24. Rd1 fxe4 (24... Qxe4 25. Qc3
$18) 25. Rd8+ Bxd8 26. Qf8#) 24. Qa3 $5 c5 25. Rd1 (25. Rd2 Qxe4 26. Qxc5 Qb1+
27. Kg2 Qe4+ 28. Kg1 (28. f3 $4 Qxe2+ $19) 28... Qb1+ $11) 25... Qxe2 $1 {
and he admitted that this was the problem with this line, after which he
wasn't sure if White can continue the attack. Black is actually already the
choice of the engine:} (25... Qxe4 26. Qxc5 $18) 26. Bf3 (26. Qa4 b5 $19) 26...
Qb5 $1 27. Qc3 (27. Qe3 Bd7 $17) 27... f6 $17) 23. Bd3 Nf6 $1 {Patient and
careful. Mamedyarov doesn't rush to bring out his bishop but instead prepares
to develop it in the most active way possible.} (23... Bd7 $6 {allows us to
see Kramnik's idea} 24. e4 Nf6 25. Be2 $5 {and White has a pleasant initiative
which Kramnik himself pointed out after the game.} (25. Be3 $1 {retreat moves
are often easy to miss} Qh5 26. Qxh5 Nxh5 27. e5 Be8 28. g4 (28. Be2 Ng7 29.
Nd6) 28... Ng7 29. Be4 $14 {[%csl Ra7][%cal Gc4d6,Ga2a4,Ga4a5]})) 24. e4 e5 {
[%csl Ge6,Gg4][%cal Gc8g4] The point. White is now forced to engage in a
forcing line to avoid being worse.} 25. Be3 Qb4 26. Nxe5 Qxb2 27. Bf4 (27. Nxf7
$6 Kxf7 {is "too much" according to both players.} 28. Qf4 (28. Bc4+ Ke8 $19)
28... Qb4 $1 $19) 27... Be6 ({Maybe Mamedyarov saw} 27... g5 $5 {but probably
thought it's too risky} 28. Nc4 (28. Bc4 gxf4 29. Nxf7 Kg7 30. Qxf4 $13) 28...
Bg4 $1 29. Qxg4 (29. Qe3 gxf4) 29... Nxg4 30. Nxb2 gxf4 31. gxf4 Bc5 32. Rd2
$13) 28. Rb1 Qxa2 29. Rxb7 {Here Kramnik felt that he already has a good
position or has better chances.} Bc5 30. Kg2 $1 {Without any clear counterplay
and counter-tactics involving back-rank checks, White's position is now indeed
easier to play.} Re8 $6 ({The only way to hold the balance for Black was to
tie down White's pieces as much as possible:} 30... Bd4 $1 31. Re7 $5 {[%cal
Ge5c6,Gg3g4] with a messy position in which the better calculator will prevail!
} (31. h3 $2 Bxh3+ $1 32. Kxh3 Qe6+ $17) (31. Nxc6 $4 Bg4 $19)) 31. h3 $5 {
Kramnik likes this slow, controlled move a lot but it underestimates Black's
defensive resources.} ({White must act energetically now with} 31. Bg5 $1 Nh5
32. Nxc6 $16 {Black is in a dangerous position as he cannot stop White's
kingside attack.}) (31. g4 $5 h5 (31... Nd5 32. Bh6 $1 $16 (32. exd5 Bxd5 33.
Be4 Bxe4 34. Qxe4 Qxf2+ 35. Kh3 Qf1+ $19)) 32. h3 $13) 31... Bxf2 $1 {This
tactical sequence is the easiest way to neutralise White's initiative,
something which Kramnik missed.} (31... Nh5 32. Bh6 $16) 32. Qxf2 Bxh3+ 33. Kg1
Qxf2+ 34. Kxf2 Rxe5 35. Bxe5 (35. g4 Nxe4+ $1 (35... Nxg4+ $5 36. Kg3 Rc5) 36.
Kf3 Bxg4+ 37. Kxg4 Nf2+ 38. Kf3 Nxd3 39. Bxe5 Nxe5+ 40. Kf4 f6 $17) 35... Ng4+
36. Kg1 Nxe5 {The forcing moves are over and Black has no problems holding the
subsequent complex ending due to his pawns.} 37. Be2 Kg7 38. Rxa7 Kf6 39. Ra5
Bd7 40. Kf2 Ke6 41. Ke3 Kd6 42. Ra1 h5 43. Rd1+ Ke7 44. Kd4 f6 45. Kc5 Bh3 46.
Ra1 Bg2 47. Ra4 Ke6 48. Rd4 Nf3 49. Rd8 Ng5 50. Bc4+ Ke7 51. Rg8 Nxe4+ 52. Kxc6
Nd6+ 53. Kc5 (53. Bd5 $6 Bxd5+ 54. Kxd5 Nf5 55. Rxg6 $4 (55. Ra8 Nxg3 56. Ra7+
Kf8 57. Ke6 Ne4 58. Kd5 f5 {and it's White who has to be careful.}) 55... Kf7
$19 {Kramnik & Mamedarov}) 53... Nxc4 54. Kxc4 Kf7 {A nice fighting game by
both players in the last round! The rare 7...Qd6 line seems to hold against
the popular 7.Ne5 and we can expect it to be tested out more in future
tournaments.} 1/2-1/2

[Event "Candidates Tournament"]
[Site "Berlin"]
[Date "2018.03.18"]
[Round "7"]
[White "Kramnik, Vladimir"]
[Black "Ding, Liren"]
[Result "1/2-1/2"]
[WhiteElo "2800"]
[BlackElo "2769"]
[Annotator "Yermolinsky,A"]
[PlyCount "147"]
[EventDate "2018.03.10"]
[EventType "tourn"]
[EventRounds "14"]
[EventCountry "GER"]
[EventCategory "22"]
[SourceTitle "CBM 184"]
[Source "ChessBase"]
[SourceDate "2018.05.16"]
[SourceVersion "1"]
[SourceVersionDate "2018.05.16"]
[SourceQuality "1"]

1. c4 Nf6 2. Nc3 e5 3. Nf3 Nc6 4. d3 g6 5. g3 Bg7 6. Bg2 O-O 7. O-O d6 8. b3 $5
Nd4 (8... e4 9. dxe4 Nxe4 10. Nxe4 Bxa1 11. Bg5 f6 12. Bh6 {favours White.}) 9.
Nd2 c6 10. e3 Ne6 11. Bb2 Nc5 12. Qc2 a5 13. Rae1 Re8 14. h3 Bf5 $5 15. e4 Bd7
16. Ne2 b5 17. d4 exd4 18. Nxd4 {With his trademark deceptive opening play
Kramnik has achieved a favourable structure. The only piece of the puzzle
missing from this picture is his Nd2 that should have really been on c3 to
prevent the d6-d5 idea.} Rc8 19. N4f3 $6 ({An attempt to maintain control with
} 19. Re3 {could be met with} d5 20. e5 Nfe4 21. f4 f6) 19... d5 $1 {[#]
Seeing how solid Ding has been in this tournament so far, we may forget he's
an accomplished Kings Indian player!} 20. exd5 Rxe1 21. Rxe1 cxd5 {It looks
logical to open the c-file for Rc8 against the white queen.} ({However, the
immediate} 21... Bf5 22. Qd1 Nd3 {was even stronger. White then would be
facing a grim defensive task, down the exchange, as} 23. Bxf6 Bxf6 24. Rf1 {
is simply unbearable.}) 22. cxb5 {Now at least White has the favourable pawn
structure which should help him to survive when he goes down material.} Bf5 23.
Qd1 Nd3 24. Bd4 Rc1 25. Qxc1 Nxc1 26. Rxc1 Ne4 27. Nf1 Bxd4 $2 {Ding misses
his chance.} ({Instead,} 27... Bd7 $1 {would have set up a great tactical shot:
} 28. a4 ({Likely White would have to grovel for a draw after} 28. Bxg7 Kxg7
29. N3d2 Nxd2 30. Nxd2) 28... Bxd4 29. Nxd4 Nxf2 $1 30. Kxf2 Qf6+ {winning the
rook in the event of both} 31. Ke3 ({and} 31. Nf3 Qb2+) 31... Qg5+) 28. Nxd4
Qb6 29. Bxe4 $1 dxe4 30. Nxf5 gxf5 31. a4 {Objectively this is a dead draw.}
Qe6 32. Ne3 Qxb3 33. Rc4 h5 34. h4 Kh7 35. Kg2 f6 36. Rd4 Kg6 37. Rc4 Kf7 38.
Kh2 Kg6 39. Kg1 Qb1+ 40. Kg2 Qb3 41. Rd4 Kf7 42. Rd5 Qxa4 43. Rxf5 Kg6 44. b6
Qb3 45. Rxa5 Qxb6 46. Rd5 Qb2 47. Rf5 Qa2 48. Rc5 Qe2 49. Rc4 Qa2 50. Rb4 Qa5
51. Rb8 Qa2 52. Rd8 Qa5 53. Rd5 Qa2 54. Rf5 Qe6 55. Rd5 Qa6 56. g4 {True to
his uncompromising approach to this tournament Kramnik keeps on pushing for a
win. This time there's enough safety margin in the position for him to get
away with that.} hxg4 57. h5+ Kf7 58. Rd7+ Ke6 59. Rg7 Qe2 60. h6 Qf3+ 61. Kg1
g3 62. Rxg3 Qh5 63. Rg7 f5 ({Of course,} 63... Qxh6 $4 {would seem to be a
gross blunder since the queen is lost after} 64. Re7+ Kxe7 65. Nf5+ Ke6 66.
Nxh6 {What is funny is that White still can't win after} f5 $1 {The reason is
that the knight is trapped.} 67. Kf1 Kf6 68. Kg2 f4 $1 {is the correct
continuation.} ({The tempting} 68... Kg6 {would actually lose after} 69. Ng8
Kf7 70. Kg3 $1 {and the black pawns will fall and White will have the
opposition to boot.}) 69. Ng4+ Kf5 70. Nh2 Ke5 71. Kf1 Kf5 72. Ke2 Kg5 73. Nf1
Kf5 {and White cannot progress. The minute White tries to free his knight with}
74. Nd2 e3 {instantly draws.}) 64. h7 f4 65. Ng4 Qh3 66. Rg6+ Kf5 67. Rg7 Ke6
68. Rg6+ Kf5 69. Nh6+ Kxg6 70. h8=Q Qxh6 71. Qe8+ Kf5 72. Qb5+ Kg4 73. Qe2+ Kf5
74. Qb5+ 1/2-1/2